| 000 | 03085cam a22004814i 4500 | ||
|---|---|---|---|
| 003 | PE-LiUPU | ||
| 005 | 20250731173403.0 | ||
| 008 | 150706s1991 sp r 000 0 spa d | ||
| 020 | _a9788482673509 | ||
| 035 | _a(Sirsi) i9788482673509 | ||
| 040 |
_aPE-LiUPU _bspa _cPE-LiUPU _erda |
||
| 049 | _aPRUA | ||
| 082 | 0 | 4 |
_a270.2 _bF79 _221 |
| 100 | 1 |
_aFoxe, John, _eautor. |
|
| 245 | 1 | 3 |
_aEl libro de los mártires : _buna historia de las vidas, sufrimientos y muertes triunfantes de los cristianos primitivos y de los mártires protestantes / _cJohn Foxe. |
| 264 | 1 |
_aBarcelona : _bCLIE, _c1991. |
|
| 300 |
_a425 páginas ; _c21 centímetros |
||
| 336 |
_atext _2rdacontent |
||
| 337 |
_aunmediated _2rdamedia |
||
| 338 |
_avolume _2rdacarrier |
||
| 505 | 0 | _aHistoria de los mártires cristianos hasta la primera persecución general bajo Nerón -- Las diez primeras persecuciones -- Persecuciones contra los cristianos en Persia -- Persecuciones papales -- Una historia de la inquisición -- Historia de las persecuciones en Italia bajo el papado -- Historia de la vida y persecuciones de Juan Wicliffe -- Historia de las persecuciones en Bohemia bajo el papado -- Historia de la vida y persecuciones de Martín Lutero -- Persecuciones generales en Alemania -- Historia de las persecuciones en los países bajos -- La vida e historia del verdadero siervo y mártir de Dios, William Tyndale -- Historia de la vida de Juan Calvino -- Historia de las persecuciones en Gran Bretaña e Irlanda, antes del reinado de la reina María I -- Historia de las persecuciones en Escocia durante el reinado de Enrique VIII -- Persecuciones en Inglaterra durante el reinado de la reina María -- Surgimiento y progreso de la religión protestante en Irlanda; con un relato de las bárbaras matanzas de 1641 -- El surgimiento, progreso, persecuciones y sufrimientos de los cuáqueros -- Historia de la vida y persecuciones de John Bunyan -- Historia de la vida de John Wesley -- Las persecuciones contra los protestantes franceses en el sur de Francia, durante los años 1814 y 1820 -- El comienzo de las misiones americanas en el extranjero. | |
| 526 | _aSEG42 | ||
| 526 | _aSEG41 | ||
| 526 | _aSEG40 | ||
| 526 | _aSEG39 | ||
| 526 | _aP94 | ||
| 526 | _aP87 | ||
| 526 | _aP86 | ||
| 526 | _aP85 | ||
| 526 | _aP77 | ||
| 526 | _aP76 | ||
| 526 | _aP35 | ||
| 541 | _g001-0000515; | ||
| 650 | 0 | 4 |
_aHistoria eclesiástica _ySiglo VII-XV. |
| 650 | 0 | 4 |
_aPersecuciones religiosas _zGran Bretaña _xHistoria. |
| 651 |
_aInglaterra _xHistoria eclesiástica. |
||
| 910 |
_bjv _clch _d20110714 |
||
| 942 |
_2ddc _cBOOK |
||
| 949 |
_a270.2 F79 _wDEWEY _c1 _i63101 _lCCODEBUL1 _mBUL _p16.00 _r0 _sY _tBOOK _u2015-7-6 _xTEOLOGIA _PP35 _o.STAFF. Colección General |
||
| 994 |
_aC0 _bPEPRU |
||
| 596 | _a1 | ||
| 999 |
_a270.2 F79 _wDEWEY _c52116 _i63101 _d52116 _e2019-9-26 _f2021-11-11 _g5 _lCCODEBUL1 _mBUL _n19 _p16.00 _q9 _r0 _sY _tBOOK _u2015-7-6 _xTEOLOGIA _PP35 _o.STAFF. Colección Teología |
||
| 980 |
_81 _gALBERTO SANCHEZ Responsable de Automatización |
||